| 000 | 00828na a2200265 4500 | ||
|---|---|---|---|
| 001 | 13797 | ||
| 003 | MIRAKIL | ||
| 005 | 20181213155027.0 | ||
| 008 | 161003b tu 000 0 | ||
| 020 | _a9789759283490 | ||
| 035 | _a13797 | ||
| 040 |
_aMilas _btur _cTR-AnCHP |
||
| 041 | _atur | ||
| 082 |
_a922.97 Bedreddin _bT85o 2016 |
||
| 090 | _a922.97 Bedreddin T85o 2016 | ||
| 100 | _aTunca, Ayhan | ||
| 245 |
_aOrtaçağ'ın aydınlık sesi Edirneli bir bilge Bedreddin ve soylu yaşam öyküsü _cAyhan Tunca |
||
| 260 |
_aİstanbul _bİnkılap _c2016 |
||
| 300 |
_a438 s. _bres. _c21 sm. |
||
| 490 |
_aYöre Dergisi Yöresel Kitaplar Dizisi _v7 |
||
| 504 | _aKaynakça ve dizin var. | ||
| 600 |
_aŞeyh Bedreddin _d1241-1333 _xYaşamöyküsü |
||
| 650 |
_aİslam dini _xDin adamları _zEdirne |
||
| 942 |
_2dcc _cBKS |
||
| 999 |
_c5103 _d5103 |
||